000 00262nam a2200109Ia 4500
008 190216s9999||||xx |||||||||||||| ||und||
100 _aNull
245 0 _aBetter English Pronuciation
260 _bEnglish Language Book Society
650 _aEnglish
942 _cBK
999 _c12837
_d12837